Quiz o Grzegorzu Braunie - Statystyki

Ogólne statystyki
  • Ten quiz został rozwiązany 53 razy
  • Średni wynik to 8 z 15
Statystyki odpowiedzi
% Poprawnych
Ile sióstr ma Grzegorz Braun? 2
93%
W którym roku Grzegorz Braun zgasił świece chanukowe? 2023
90%
Jakim zwrotem Grzegorz Braun zazwyczaj się wita? Szczęść boże
88%
W którym roku Grzegorz Braun został wyrzucony z Konfederacji? 2025
74%
Ilu posłów ma obecnie koło Konfederacji Korony Polskiej? 3
67%
Jakie jest jego drugie imię? Michał
64%
W którym roku kandydował na prezydenta Gdańska? 2019
57%
Gdzie obecnie mieszka Grzegorz Braun? Rzeszów
48%
Gdzie urodził się Grzegorz Braun? Toruń
40%
„Żeby wszyscy byli zdrowi, piękni i bogaci, a Pani Minister Emilewicz, aby miała własny ____ do rozrzucania pieniędzy nad Polską na każde wezwanie” helikopter
36%
Do której dziennikarki tvp Grzegorz Braun powiedział słowa: Mnie bardziej przeszkadza pani teraźniejszość. Justyna Dobrosz- Oracz
36%
Do kogo Grzegorz Braun powiedział ,,Będziesz pan wisiał!" w czasie posiedzenia sejmu? Adam Niedzielski
31%
Kim z zawodu był ojciec Grzegorza Brauna? reżyser
31%
Kto był rzecznikiem Grzegorza Brauna w czasie wyborów na prezydenta RP w 2025 roku? Marta Czech
14%
z jakim atrybutem kojarzony jest najczęśćiej Grzegorz Braun? gaśnica proszkowa
7%
Nie znaleziono quizów pasujących do podanych kryteriów
Rozkład punktacji
Procent ludzi z każdym wynikiem
Percentyl według liczby udzielonych odpowiedzi
Twoja historia wyników
Nie rozwiązałeś tego quizu